Normal view
MARC view
- Wodaski, Ron , Brown Wodaski, Donna
Entry Personal Name
001 - CONTROL NUMBER
- control field: 67760
003 - CONTROL NUMBER IDENTIFIER
- control field: NUST
005 - DATE AND TIME OF LATEST TRANSACTION
- control field: 20210628203909.0
008 - FIXED-LENGTH DATA ELEMENTS
- fixed length control field: 210628|| aca||aabn | a|a d
040 ## - CATALOGING SOURCE
- Original cataloging agency: NUST
- Transcribing agency: NUST
100 ## - HEADING--PERSONAL NAME
- Personal name: Wodaski, Ron , Brown Wodaski, Donna
670 ## - SOURCE DATA FOUND
- Source citation: Work cat.: (NUST): Wodaski, Ron , Brown Wodaski, Donna, Virtual reality , madness and more, 1994
